Kagaz ke phool/ (Record no. 165346)

000 -LEADER
fixed length control field 00278nam a22001097a 4500
082 ## - DEWEY DECIMAL CLASSIFICATION NUMBER
Classification number
Item number
100 ## - MAIN ENTRY--PERSONAL NAME
Personal name Bharat Bhushan Agarwal
245 ## - TITLE STATEMENT
Title Kagaz ke phool/
Statement of responsibility, etc. by Bharat Bhushan Agarwal.
260 ## - PUBLICATION, DISTRIBUTION, ETC.
Place of publication, distribution, etc. New Delhi:
Name of publisher, distributor, etc. Bharathiya Vidya Prakashan,
Date of publication, distribution, etc. 1984.
650 ## - SUBJECT ADDED ENTRY--TOPICAL TERM
Topical term or geographic name entry element
942 ## - ADDED ENTRY ELEMENTS (KOHA)
Koha item type Book
Holdings
Withdrawn status Lost status Damaged status Not for loan Permanent Location Current Location Shelving location Date acquired Cost, normal purchase price Total Checkouts Barcode Date last seen Price effective from Koha item type
        RC Thiruvananthapuram RC Thiruvananthapuram   02.11.2018 20.00   TV013887 02.11.2018 02.11.2018 Book